000 00695nam a22002177a 4500
003 UA-OsUOA
001 135535
007 ta
008 20190204b un ||||| |||| 00| 0 ukr d
100 _aВербич С.
090 _a81
_bВ31
942 _cSA
040 _aUA-OsUOA
_bukr
_cUA-OsUOA
_dUA-OsUOA
245 _aУкраїнська академічна ономастика: минуле, сьогодення, майбутнє
300 _aС.28-40
955 _a0
041 _aukr
080 _a81
773 0 _w135533
_tУкраїнська мова
_dК.
_d2018
_g3
650 7 _a8 Мовознавство. Художня література. Літературознавство
_2UDC
999 _c421973
_d421973